Insolent proceedings : rethinking public politics in the English revolution : essays in honour of Ann Hughes /

Bibliographic Details
Other Authors: Hughes, Ann, 1951- (honouree.), Lake, Peter (Editor), Peacey, Jason (Editor)
Format: eBook
Language:English
Published: Manchester : Manchester University Press, 2022.
Series:Politics, culture, and society in early modern Britain.
Subjects:
Online Access:Connect to the full text of this electronic book

MARC

Tag First Indicator Second Indicator Subfields
LEADER 00000nam a2200000 i 4500
001 in00004584321
006 m o d
007 cr |||||||||||
008 220430t20222022enk ob 011 0 eng d
005 20220706151224.3
020 |a 9781526165015  |q (electronic bk.) 
020 |a 1526165015  |q (electronic bk.) 
020 |z 1526165007  |q hardback 
020 |z 9781526165008  |q hardback 
035 |a (NhCcYBP)jstor22573/CTV2HXQ425 
037 |a 22573/ctv2hxq425  |b JSTOR 
040 |a NhCcYBP  |c NhCcYBP 
050 4 |a DA415  |b .I57 2022 
082 0 4 |a 941.062  |2 23/eng/20220516 
245 0 0 |a Insolent proceedings :  |b rethinking public politics in the English revolution : essays in honour of Ann Hughes /  |c edited by Peter Lake and Jason Peacey. 
264 1 |a Manchester :  |b Manchester University Press,  |c 2022. 
264 4 |c ©2022 
300 |a 1 online resource. 
336 |a text  |b txt  |2 rdacontent 
337 |a computer  |b c  |2 rdamedia 
338 |a online resource  |b cr  |2 rdacarrier 
490 1 |a Politics, culture, and society in early modern Britain 
504 |a Includes bibliographical references and index. 
505 0 0 |g Preface:  |t Ann Hughes as historian, friend and mentor /  |r Peter Lake --  |g Introduction:  |t Rethinking public politics in the English Revolution /  |r Peter Lake and Jason Peacey --  |g 1  |t 'Great conformitants' and 'right ambidexters': puritans, conformity and the challenge of Laudianism /  |r Anthony Milton --  |g 2  |t Killing (Catholic) officers no crime? The politics of religious violence in England in 1640 /  |r John Walter --  |g 3  |t Anatomy of the General Rising: militancy and mobilisation in London, 1643 /  |r David Como --  |g 4  |t 'In the hollow of his wooden leg': the transmission of civil war materials, 1642-9 /  |r Karen Britland --  |g 5  |t Puritanism, parish and polemic in civil war London: the case of Thomas Bakewell /  |r Elliot Vernon --  |g 6  |t William Walwyn's Montaigne and the struggle for toleration in the English Revolution /  |r David Loewenstein --  |g 7  |t An accursed family: the Scottish crisis and the Black Legend of the House of Stuart, 1650-2 /  |r Thomas Cogswell --  |g 8  |t Indemnity, sovereignty and justice in the army debates of 1647 /  |r Sean Kelsey --  |g 9  |t Milton and Winstanley: a conversation /  |r Thomas N. Corns --  |g 10  |t Women, print and locality: Richard Culmer and the practices of polemic during the English Revolution /  |r Jason Peacey --  |g 11  |t 'Threshing among the people': Ranters, Quakers and the revolutionary public sphere /  |r Kate Peters. 
588 0 |a Online resource; title from PDF title page (JSTOR platform, viewed June 22, 2022). 
600 1 0 |a Hughes, Ann,  |d 1951- 
651 0 |a Great Britain  |x History  |y Civil War, 1642-1649. 
651 0 |a Great Britain  |x History  |y Commonwealth and Protectorate, 1649-1660. 
655 7 |a Electronic books.  |2 local 
700 1 |a Hughes, Ann,  |d 1951-  |e honouree. 
700 1 |a Lake, Peter,  |e editor. 
700 1 |a Peacey, Jason,  |e editor. 
776 1 8 |i Print version:  |t Insolent proceedings.  |d Manchester : Manchester University Press, 2022  |z 1526165007 
830 0 |a Politics, culture, and society in early modern Britain. 
856 4 0 |u http://proxy.library.tamu.edu/login?url=https://www.jstor.org/stable/10.2307/j.ctv2j04sm6  |z Connect to the full text of this electronic book  |t 0 
955 |a JSTOR DDA record 
999 f f |s 2fb740a3-9ee0-4910-822a-68871401945c  |i 2fb740a3-9ee0-4910-822a-68871401945c  |t 0 
952 f f |a Texas A&M University  |b College Station  |c Electronic Resources  |d Available Online  |t 0  |e DA415 .I57 2022  |h Library of Congress classification 
998 f f |a DA415 .I57 2022  |t 0  |l Available Online